Anglo-Turkish relations, 1933-1939

Αποθηκεύτηκε σε:
Λεπτομέρειες βιβλιογραφικής εγγραφής
Κύριος συγγραφέας: Zhivkova, Ludmila
Μορφή: Βιβλίο
Γλώσσα:English
Bulgarian
Δημοσίευση: London : Secker and Warburg, 1976.
Θέματα:
Ετικέτες: Προσθήκη ετικέτας
Δεν υπάρχουν, Καταχωρήστε ετικέτα πρώτοι!

MARC

LEADER 00000cam a2200000 a 4500
001 1/113914
008 170512s1976####enk| ||| |||| ||eng||
020 |a 043659255X  
040 |a GR-MyUa  |b gre  |c GR-MyUa  |e AACR2 
041 0 |a eng  |h bul 
082 7 |a 327.410561   |2 (23) 
100 1 |a Zhivkova, Ludmila. 
245 1 0 |a Anglo-Turkish relations, 1933-1939 /   |c Ludmila Zhivkova.  
260 |a London :   |b Secker and Warburg,   |c 1976.  
300 |a xv, 132 σ. ;   |c 24 εκ.  
504 |a Περιλαμβάνει βιβλιογραφία και ευρετήριο.  
651 0 |a Great Britain  |x Foreign relations  |z Turkey. 
651 0 |a Turkey  |x Foreign relations  |z Great Britain. 
651 0 |a Great Britain  |x Foreign relations  |y 1936-1945. 
651 0 |a Turkey  |x Foreign relations  |y 1918-1960. 
852 |a INST  |b LESVOS  |e 20170512  |h 327.410561 ZHI  |p 005100059204  |q 005100059204  |t BK  |y 0 
970 |a Τζαφέρη  |b Ευαγγελία  |z 12-05-2017